LEADER 01005nam0 2200313 450 001 000018927 005 20081106112811.0 100 $a20081106d1977----km-y0itay50------ba 101 0 $aita 102 $aIT 105 $ay-------001yy 200 1 $aIstituzioni di algebra astratta$fLucio Lombardo-Radice$gcon Esercizi e complementi a cura di V. Corbas e G. Panella 205 $a12. ed 210 $aMilano$cFeltrinelli$d1977 215 $aXIII, 476 p.$d22 cm 225 2 $aCollana di algebra$v3 410 0$12001$aCollana di algebra 451 0$1001000011825 500 10$aIstituzioni di algebra astratta$932634 610 1 $aAlgebra astratta 676 $a512.02$v20$9Algebra astratta 700 1$aLombardo Radice,$bLucio$028646 702 1$aCorbas,$bVassili 702 1$aPanella,$bGianfranco 801 0$aIT$bUNIPARTHENOPE$c20081106$gRICA$2UNIMARC 912 $a000018927 951 $aM 512.02/6$bM 442$cDSA$d2008 996 $aIstituzioni di algebra astratta$932634 997 $aUNIPARTHENOPE